Digital Logic (Record no. 307845)

MARC details
000 -LEADER
fixed length control field 00451nam a2200169Ia 4500
008 - FIXED-LENGTH DATA ELEMENTS--GENERAL INFORMATION
fixed length control field 230718s9999 xx 000 0 und d
020 ## - INTERNATIONAL STANDARD BOOK NUMBER
International Standard Book Number 0-314-06675-6
041 ## - LANGUAGE CODE
Language code of text/sound track or separate title eng
082 ## - DEWEY DECIMAL CLASSIFICATION NUMBER
Classification number 621.395
Item number YAR
100 ## - MAIN ENTRY--PERSONAL NAME
Personal name Yarbrough J.M.
245 ## - TITLE STATEMENT
Title Digital Logic
Remainder of title Applications And Design
260 ## - PUBLICATION, DISTRIBUTION, ETC. (IMPRINT)
Date of publication, distribution, etc. 1997
Name of publisher, distributor, etc. Thomson Publication
300 ## - PHYSICAL DESCRIPTION
Extent 697
365 ## - TRADE PRICE
Currency code Rs.
Price amount 350.00
700 ## - ADDED ENTRY--PERSONAL NAME
Personal name Yarbrough J.M.
906 ## - LOCAL DATA ELEMENT F, LDF (RLIN)
d B:329/06.07.200424-Aug-2005
c ETC
b 70
Holdings
Withdrawn status Lost status Damaged status Not for loan Home library Current library Date acquired Vendor Budget Code Cost, normal purchase price Bill number Full call number Barcode Date last seen Discount Cost, replacement price Bill Date Koha item type Original Barcode
Withdrawn       Cummins College of Engineering for Women Pune Cummins College of Engineering for Women Pune 10/07/2004 Computer Hut ETC 280.00 329/06.07.2004 621.395 CCEP-BK-19052 18/07/2023 70 350.00 24/08/2005 Books 019052